000 00853nam a22002177a 4500
999 _c61854
_d61854
005 20240529161558.0
008 240529s2006 enk||||| |||| 00| 0 eng d
020 _a9780443103049x
041 _aeng
080 _a617.7 C-61
245 _aClinical Techniques in Ophthalmology /
_cEdited by Simon Nicholas Madge, James Kersey, Matthew Hawker, Meon Lamont.
264 _aEdinburgh :
_bChurchill Livingstone,
_c2006.
300 _a302 p.:
_bill.;
_c25 cm.
653 _aოფთალმოლოგია
653 _aმედიცინა
700 _aMadge, Simon Nicholas
_eრედაქტორი
_922221
700 _aKersey, James
_eრედაქტორი
_922222
700 _aHawker, Matthew
_eრედაქტორი
_922223
700 _aLamont, Meon
_eრედაქტორი
_922224
942 _2udc
_cᲬᲘᲒᲜᲘ